Community manager: gestión y posicionamiento en redes sociales

Saved in:
Bibliografiske detaljer
Hovedforfatter: Tormo, Marisa (Author)
Format: Bog
Sprog:spansk
Udgivet: Ciudad de México Alfaomega 2013
Udgivelse:1a. ed
Fag:
Tags: Tilføj Tag
Ingen Tags, Vær først til at tagge denne postø!

MARC

LEADER 00000cam a2200000 a 4500
001 UCE4270
003 CL-VaPUC
008 141016e20130600mx |||||||||||||||||spa|d
020 |a 9786077076889 
082 0 4 |a 658.872  |b TOR  |2 21 
100 0 |a Tormo, Marisa  |e author  |9 576839 
245 1 0 |a Community manager: gestión y posicionamiento en redes sociales 
250 |a 1a. ed 
300 |a 148 p 
942 |c BK 
945 |d 20141016 12:02:00  |a arojas 
260 |a Ciudad de México  |b Alfaomega  |c 2013 
650 0 |a Marketing  |9 259324 
650 7 |a MARKETING EN LINEA  |2 CL-VaPUC  |9 451770 
650 0 |a Marketing estratégico  |9 358049 
650 0 |a Redes sociales   |9 327959 
650 7 |a COMUNICACION EN REDES  |2 CL-VaPUC  |9 572295 
650 7 |a POSICIONAMIENTO  |2 CL-VaPUC  |9 576840 
583 |a last modification  |c 20141016 12:02:00  |k Rodrigo Vera 
999 |c 357294  |d 357292 
952 |0 0  |1 0  |3 erb  |4 0  |6 658_872000000000000_TOR_2013  |7 0  |8 A  |9 465176  |a BIBENE  |b BIBENE  |i 5118883  |o 658.872 TOR 2013  |p 5118883  |r 2025-01-15  |w 2019-11-23  |y BK  |z Catalogado en:20141016  |k ICO